Countries That Start with P (with a map) - Statistics

General Stats
  • This quiz has been taken 2,070 times
  • The average score is 7 of 9
Answers on the Map
Answers color-coded by a green-red scale on the quiz's map according to % correct below.
 
Answer Stats
Hint Hint Country % Correct
208 292 Peru
86%
423.6 87.1 Poland
85%
535.7 164.2 Pakistan
84%
198 232.5 Panama
83%
248.9 339.7 Paraguay
82%
361.7 127.6 Portugal
81%
680.5 241.3 Palau
75%
657 220.6 Philippines
72%
703.7 282.4 Papua New Guinea
71%
No matching quizzes found
Score Distribution
Percent of People with Each Score
Percentile by Number Answered
Your Score History
You have not taken this quiz